KOHA-Header-6

Six Sigma For The Next Millinium (Record no. 9515)

000 -LEADER
fixed length control field 00265nam a2200109Ia 4500
100 ## - MAIN ENTRY--AUTHOR NAME
Personal name Kim H. Pries
245 #0 - TITLE STATEMENT
Title Six Sigma For The Next Millinium
260 ## - PUBLICATION, DISTRIBUTION, ETC. (IMPRINT)
Place of publication New Jersey
Name of publisher Willey
Year of publication 2005
300 ## - PHYSICAL DESCRIPTION
Number of Pages 223
942 ## - ADDED ENTRY ELEMENTS (KOHA)
Koha item type Books
Holdings
Withdrawn status Lost status Collection code Permanent Location Current Location Shelving location Date acquired Full call number Accession Number Koha item type
    Management MAJU MAJU   2019-09-14 338.005 5314 Management

Powered by Koha